Statystyki dla Hymny Klubów z Ekstraklasy #1

Kliknij tutaj aby rozwiązać quiz!

Ogólne statystyki

  • Ten quiz został rozwiązany 281 razy
  • Średni wynik to 7 z 8

Statystyki odpowiedzi

TekstOdpowiedź% Poprawnych
W mieście Białystok, W tym w którym żyję, Oddałem serce drużynie. Wstań, unieś barwy, Wsłuchaj się w słowa, Pieśni o Mej _______. Moja drużyno, Ma ukochana, Pokonasz dzisiaj rywala. Strzelisz 3 bramy, I znów wygramy, Klubie Ty Nasz ukochany!Jagiellonia Białystok
98%
Mam tak samo, jak ty Miasto moje, a w nim Najpiękniejszy mój świat Najpiękniejsze dni Zostawiłem tam kolorowe sny Kiedyś zatrzymam czas I na skrzydłach jak ptak Będę leciał co sił Tam, gdzie moje sny I warszawskie kolorowe dni.Legia Warszawa
98%
Jak długo na Wawelu, Zygmunta bije dzwon, Tak długo nasza W____, Zwyciężać będzie wciąż. Zwycięży orzeł biały, zwycięży polski ród Zwycięży nasza _______, bo to Krakowski klub.Wisła Kraków
97%
My Portowcy, My Portowcy Granatowo-bordowa krew W naszych sercach zawsze ______ jest _____ ______ MKS My Portowcy, My Portowcy Nasz charakter siłą jest Pomorza duma i honor nasz ______ ______ MKS.Pogoń Szczecin
95%
Żółte jest Słońce - Niebieskie Niebo To właśnie barwy klubu naszego Kibicowanie to nie zabawa _____ to dla nas - Honoru Spraw _____, ______, Wielki MZKS ______, ______, Wielki MZKS.Arka Gdynia
90%
Ludzi tłum przez miasto gna. Dziś ______ mecz swój gra. W kasach ścisk biletów brak. Cały stadion pęka w szwach. W górę serca i niech zwycięża _____ _____ i niech zwycięża _____ _____ i niech zwycięża _____.Lech Poznań
88%
Spośród wielu życia dróg Wybraliśmy tą Od kołyski aż po grób …Kochać jeden klub Całym naszym życiem jest ______ RKS Czerwono – niebieski świat OD TAK WIELU LAT…Raków Częstochowa
78%
Na zawsze dla ______, honor, szacunek do końca życia, związany z Tym klubem. Wszyscy kibice połączeni pasją Jedna miłość, jeden klub i jedno miastoPiast Gliwice
43%

Rozkład punktacji

Percentyl według liczby udzielonych odpowiedzi

Procent ludzi z każdym wynikiem

Twoja historia wyników

Nie rozwiązałeś tego quizu